00662nam a2200205Ia 450000500170000000800410001702000180005804100120007608200160008810000210010424501530012525000120027826000440029030000210033465000220035565000130037765000290039065000180041970000190043720260429112044.0260429s9999||||xx |||||||||||||| ||und|| a9781805129233 aEnglish a006.31bCER aCerqueira, Vitor 0aDeep learning for time series cookbook : buse pytorch and python recipes for forecasting, classification, and anomaly detection / cVitor Cerqueira a1st ed. aBirmingham : bPackt Publishing,c2024. axix, 253 p.; pbk a Machine learning a PyTorch a Time series forecasting aDeep learning a Roque, Luís